Normal view
MARC view
Entry Personal Name
001 - CONTROL NUMBER
- control field: 83204
003 - CONTROL NUMBER IDENTIFIER
- control field: dpl
005 - DATE AND TIME OF LATEST TRANSACTION
- control field: 20250723160529.0
008 - FIXED-LENGTH DATA ELEMENTS
- fixed length control field: 250723|| aca||aabn | a|a d
040 ## - CATALOGING SOURCE
- Original cataloging agency: dpl
- Transcribing agency: dpl
100 ## - HEADING--PERSONAL NAME
- Personal name: वशिष्ठ, आशीष
670 ## - SOURCE DATA FOUND
- Source citation: Work cat.: (dpl)210060: वशिष्ठ, आशीष, राष्ट्रीय स्वयंसेवक संघ के 100 वर्ष /, 2024
